000 01040cad a22002055a 4500
001 L152688
008 110412s2011 xxk f 000 0 eng d
020 _a9781845328696
035 _a(Sirsi) u152688
041 0 _aeng
110 2 _aUnited Kingdom
_bHM Treasury
245 0 0 _aInfrastructure cost review
_bimplementation plan
_h[electronic resource]
260 _aLondon
_bHM Treasury
_c2011
520 _aThe Infrastructure Cost Review published in December 2010 identified potential savings of £2bn-£3bn per annum from reducing the costs of delivery of the UK's economic infrastructure projects and programmes. This Implementation Plan sets out the measures to be taken by Government and industry to realise those savings.
590 _aKA NTK
651 4 _aEngland and Wales
_y1543-
690 _aPROPERTY-INFRASTRUCTURE
856 4 0 _uhttps://www.constructionproducts.org.uk/newsdesk/dbfiles/IUK%20Cost%20Review%20Implementation%20Plan%20March%202011.pdf
_zView the document free of charge at www.hm-treasury.gov.uk
942 _n0
999 _c112166
_d112166